[Event "Pan American-ch U14 34th"]
[Site "Orlando"]
[Date "2024.07.15"]
[Round "1"]
[White "Deng, Henry"]
[Black "Miranda Fernandez, Marcos Manuel"]
[Result "1-0"]
[WhiteElo "2336"]
[BlackElo "1787"]
[PlyCount "41"]
[EventDate "2024.07.15"]
[EventType "swiss"]
[EventRounds "9"]
[EventCountry "USA"]
[SourceTitle "EXT 2025"]
[Source "ChessBase"]
[SourceDate "2024.10.14"]
[SourceVersion "1"]
[SourceVersionDate "2024.10.14"]
[SourceQuality "1"]

1. e4 c5 2. Nc3 d6 3. f4 e6 4. Nf3 Nf6 5. e5 dxe5 6. fxe5 Nd5 7. Bc4 Nc6 8. 0-0 Be7 9. Qe2 0-0 10. Qe4 Nb6 11. Bd3 g6 12. Qf4 Nd5 13. Qg3 Ndb4 14. Be4 Nd4 15. Nxd4 Qxd4+ 16. Kh1 Bd8 17. a3 Nd5 18. d3 Bc7 19. Bxd5 exd5 20. Nb5 Bxe5 21. Qe1 1-0

[Event "Florianopolis op 9th"]
[Site "Florianopolis"]
[Date "2023.01.26"]
[Round "5"]
[White "Miranda Fernandez, Marcos Manuel"]
[Black "Camara, Terbio Jose"]
[Result "0-1"]
[WhiteElo "1759"]
[BlackElo "2055"]
[PlyCount "108"]
[EventDate "2023.01.23"]
[EventType "swiss"]
[EventRounds "10"]
[EventCountry "BRA"]
[SourceTitle "CBM 212 Extra"]
[Source "ChessBase"]
[SourceDate "2023.03.31"]
[SourceVersion "1"]
[SourceVersionDate "2023.03.31"]
[SourceQuality "1"]

1. e4 c5 2. Nf3 e6 3. d4 cxd4 4. Nxd4 Nc6 5. Nc3 Qc7 6. Be3 a6 7. a3 Nf6 8. f4 d6 9. Be2 Be7 10. Qd2 0-0 11. g4 Nxd4 12. Bxd4 e5 13. Be3 Nxg4 14. Nd5 Bh4+ 15. Kd1 Nxe3+ 16. Qxe3 Qc5 17. Qxc5 dxc5 18. f5 Rd8 19. c4 b5 20. Kc2 Bb7 21. Rad1 Bc6 22. Rhg1 Kf8 23. b3 Rd6 24. Nc3 Rh6 25. Rg2 Rb8 26. Nd5 Rd6 27. Kc3 Bd8 28. Rg3 Rh6 29. Rg2 Rh3+ 30. Rd3 bxc4 31. Rxh3 Rxb3+ 32. Kxc4 Rxh3 33. Kxc5 Bxd5 34. Kxd5 Rxa3 35. Kxe5 Bc7+ 36. Kd5 f6 37. Bc4 Be5 38. Rd2 g6 39. fxg6 hxg6 40. Ke6 Kg7 41. h4 Kh6 42. Rd8 Kh5 43. Rh8+ Kg4 44. Kf7 Kf4 45. Ra8 a5 46. Bd5 g5 47. h5 Rh3 48. Kg6 g4 49. Rxa5 g3 50. Ra3 g2 51. Rxh3 g1Q+ 52. Kf7 Qa7+ 53. Kg6 f5 54. h6 Qe7 0-1

[Event "Florianopolis op 9th"]
[Site "Florianopolis"]
[Date "2023.01.25"]
[Round "4"]
[White "Volkmann, Andre Jordi"]
[Black "Miranda Fernandez, Marcos Manuel"]
[Result "1-0"]
[WhiteElo "2129"]
[BlackElo "1759"]
[PlyCount "61"]
[EventDate "2023.01.23"]
[EventType "swiss"]
[EventRounds "10"]
[EventCountry "BRA"]
[SourceTitle "CBM 212 Extra"]
[Source "ChessBase"]
[SourceDate "2023.03.31"]
[SourceVersion "1"]
[SourceVersionDate "2023.03.31"]
[SourceQuality "1"]

1. d4 d5 2. c4 e6 3. Nc3 f5 4. Bf4 Nf6 5. Nf3 c6 6. e3 Be7 7. Be2 0-0 8. Ne5 Nbd7 9. Qb3 Nxe5 10. Bxe5 Nd7 11. Bg3 Qb6 12. h4 Qxb3 13. axb3 Nf6 14. c5 Ne4 15. Nxe4 fxe4 16. b4 Bd7 17. f3 exf3 18. gxf3 b6 19. Kf2 bxc5 20. bxc5 Rf7 21. Ra6 Bd8 22. b4 Be8 23. b5 Rc8 24. Rha1 Rb7 25. bxc6 Bxc6 26. Rxa7 Rb2 27. R1a2 Rxa2 28. Rxa2 Ra8 29. Rxa8 Bxa8 30. Bb5 Bb7 31. Bd7 1-0

[Event "Pan American-ch U12"]
[Site "Montevideo"]
[Date "2022.06.27"]
[Round "3"]
[White "Cortez Vilca, Tomas"]
[Black "Miranda Fernandez, Marcos Manuel"]
[Result "0-1"]
[WhiteElo "1275"]
[BlackElo "1527"]
[PlyCount "62"]
[EventDate "2022.06.26"]
[EventType "swiss"]
[EventRounds "9"]
[EventCountry "URU"]
[SourceTitle "EXT 2023"]
[Source "ChessBase"]
[SourceDate "2022.10.05"]
[SourceVersion "1"]
[SourceVersionDate "2022.10.05"]
[SourceQuality "1"]

1. c4 c5 2. e4 d6 3. d3 Nc6 4. f4 Nf6 5. Nf3 e6 6. Be3 Be7 7. h3 Nh5 8. g4 Ng3 9. Rg1 Nxf1 10. Rxf1 0-0 11. Nc3 Re8 12. Qd2 Nb4 13. a3 Nc6 14. a4 Nb4 15. Na2 d5 16. Nxb4 cxb4 17. 0-0-0 Bd7 18. b3 a6 19. Nd4 b5 20. cxb5 axb5 21. axb5 Qa5 22. Qb2 dxe4 23. dxe4 Bxb5 24. Nxb5 Qxb5 25. Bd4 Ra3 26. Rf3 Rea8 27. Rfd3 Ra2 28. Qb1 Qc6+ 29. Bc3 bxc3 30. Qxa2 Rxa2 31. Rd8+ Bf8 0-1

[Event "Ita op 1st"]
[Site "Ita"]
[Date "2022.02.13"]
[Round "6"]
[White "Nunez, Pablo"]
[Black "Miranda Fernandez, Marcos Manuel"]
[Result "0-1"]
[WhiteElo "1434"]
[BlackElo "1603"]
[PlyCount "26"]
[EventDate "2022.02.11"]
[EventType "swiss"]
[EventRounds "7"]
[EventCountry "PAR"]
[SourceTitle "EXT 2023"]
[Source "ChessBase"]
[SourceDate "2022.10.05"]
[SourceVersion "1"]
[SourceVersionDate "2022.10.05"]
[SourceQuality "1"]

1. Nf3 d5 2. c4 e6 3. g3 c5 4. b3 Nf6 5. Bg2 g6 6. Bb2 Bg7 7. 0-0 0-0 8. d4 Ne4 9. e3 Nd7 10. Nc3 f5 11. Rc1 b6 12. Re1 Bb7 13. Nd2 Rc8 0-1

[Event "South America-ch U12 17th"]
[Site "Guayaquil"]
[Date "2022.01.26"]
[Round "3"]
[White "Jaramillo Buele, Diego Misael"]
[Black "Miranda Fernandez, Marcos Manuel"]
[Result "0-1"]
[WhiteElo "1222"]
[BlackElo "1603"]
[PlyCount "98"]
[EventDate "2022.01.25"]
[EventType "swiss"]
[EventRounds "9"]
[EventCountry "ECU"]
[SourceTitle "CBM 206 Extra"]
[Source "ChessBase"]
[SourceDate "2022.03.31"]
[SourceVersion "1"]
[SourceVersionDate "2022.03.31"]
[SourceQuality "1"]

1. e4 c5 2. Nf3 d6 3. d4 cxd4 4. Nxd4 Nf6 5. Nc3 a6 6. f3 e6 7. Be3 Be7 8. Qd2 b5 9. g4 Bb7 10. h4 Qc7 11. 0-0-0 Nc6 12. h5 0-0 13. g5 Nd7 14. Bh3 Nde5 15. Qg2 Nc4 16. Bf2 Nxd4 17. Bxd4 e5 18. Bf2 b4 19. Nd5 Bxd5 20. Rxd5 Rab8 21. g6 b3 22. axb3 Rxb3 23. gxh7+ Kh8 24. h6 g6 25. Bf5 Kxh7 26. Bxg6+ fxg6 27. Rg1 Rg8 28. Qg4 Rxb2 29. Qe6 Bd8 30. Rxd6 Rxc2+ 31. Kxc2 Nxd6+ 32. Kd2 Qe7 33. Qa2 Rf8 34. Ke2 Qf6 35. Bg3 Qxf3+ 36. Ke1 Qe3+ 37. Kd1 Qxg1+ 38. Be1 Qd4+ 39. Bd2 Rf1+ 40. Kc2 Qxd2+ 41. Kxd2 Rf2+ 42. Kc3 Rxa2 43. Kb3 Rf2 44. Ka4 g5 45. Kb3 g4 46. Kc3 g3 47. Kd3 g2 48. Ke3 g1Q 49. Kd3 Qg3# 0-1

[Event "World Cup U12 Prel"]
[Site "Tornelo INT"]
[Date "2021.08.06"]
[Round "5"]
[White "Peralta, Maximo"]
[Black "Miranda Fernandez, Marcos Manuel"]
[Result "1-0"]
[WhiteElo "1654"]
[BlackElo "1112"]
[PlyCount "133"]
[EventDate "2021.08.06"]
[EventType "swiss (rapid)"]
[EventRounds "10"]
[EventCountry "NET"]
[SourceTitle "EXT 2025"]
[Source "ChessBase"]
[SourceDate "2024.10.14"]
[SourceVersion "1"]
[SourceVersionDate "2024.10.14"]
[SourceQuality "1"]

1. e4 e5 2. Nf3 d6 3. Bc4 Nd7 4. c3 Be7 5. 0-0 Ngf6 6. d3 0-0 7. Nbd2 c6 8. a4 Qc7 9. Bb3 Nc5 10. Bc2 Ne6 11. Re1 Nf4 12. Nf1 Ng6 13. Ng3 Be6 14. d4 Rad8 15. Nf5 Rfe8 16. Nxe7+ Rxe7 17. Bg5 Kh8 18. d5 cxd5 19. exd5 Bg4 20. h3 Bd7 21. Nh4 Nxh4 22. Bxh4 Rg8 23. Bxf6 gxf6 24. Qh5 Rg7 25. Re3 Re8 26. Rae1 Reg8 27. Rg3 Qc8 28. Kh1 f5 29. Rxg7 Rxg7 30. Qh6 f4 31. Qh4 f3 32. gxf3 Bxh3 33. Rg1 Rxg1+ 34. Kxg1 Qg8+ 35. Qg3 Qxg3+ 36. fxg3 Bd7 37. Kf2 Kg7 38. b4 h6 39. c4 f5 40. a5 a6 41. c5 dxc5 42. bxc5 Kf6 43. Ke3 h5 44. Bb3 Kg5 45. Kf2 f4 46. Bc2 fxg3+ 47. Kxg3 h4+ 48. Kf2 Kf4 49. Be4 h3 50. d6 Bc8 51. Bxb7 Bf5 52. Bd5 e4 53. fxe4 Bg4 54. c6 Bf3 55. d7 h2 56. d8Q h1Q 57. Qf6+ Kg4 58. Be6+ Kh5 59. Qxf3+ Qxf3+ 60. Kxf3 Kg5 61. c7 Kf6 62. c8Q Kg5 63. Qxa6 Kh4 64. Bb3 Kh5 65. Bf7+ Kg5 66. Qg6+ Kh4 67. Qh5# 1-0

[Event "Fide Inter Con Cup U18"]
[Site "Tornelo INT"]
[Date "2020.10.10"]
[Round "1"]
[White "Miranda Fernandez, Marcos Manuel"]
[Black "Lazavik, Denis"]
[Result "0-1"]
[WhiteElo "1112"]
[BlackElo "2030"]
[PlyCount "43"]
[EventDate "2020.10.10"]
[EventType "swiss (rapid)"]
[EventRounds "6"]
[EventCountry "NET"]
[SourceTitle "EXT 2022"]
[Source "ChessBase"]
[SourceDate "2021.10.06"]
[SourceVersion "1"]
[SourceVersionDate "2021.10.06"]
[SourceQuality "1"]

1. e4 e5 2. Nf3 Nc6 3. g3 Nf6 4. d3 d5 5. Nbd2 dxe4 6. dxe4 Bc5 7. Bg2 0-0 8. 0-0 h6 9. Qe2 Qe7 10. Re1 a5 11. Nf1 b6 12. Ne3 Ba6 13. c4 Rad8 14. Nd5 Nxd5 15. exd5 Rxd5 16. Qe4 Rd6 17. Nxe5 Nxe5 18. Bf4 Re6 19. Bxe5 Re8 20. Qd5 Rxe5 21. Rxe5 Qxe5 22. Qc6 0-1

[Event "PAR-ch U10"]
[Site "Asuncion"]
[Date "2019.02.05"]
[Round "2.2"]
[White "Benitez Galeano, Gonzalo"]
[Black "Miranda Fernandez, Marcos Manuel"]
[Result "1/2-1/2"]
[WhiteElo "1062"]
[BlackElo "1166"]
[PlyCount "42"]
[EventDate "2019.02.04"]
[EventType "swiss"]
[EventRounds "9"]
[EventCountry "PAR"]
[SourceTitle "EXT 2023"]
[Source "ChessBase"]
[SourceDate "2022.10.05"]
[SourceVersion "1"]
[SourceVersionDate "2022.10.05"]
[SourceQuality "1"]

1. Nf3 e6 2. e4 d5 3. e5 f6 4. d4 c5 5. c3 Nc6 6. Be3 Qc7 7. Bb5 cxd4 8. cxd4 Bb4+ 9. Nc3 Bxc3+ 10. bxc3 Bd7 11. 0-0 fxe5 12. dxe5 Nge7 13. Bc5 0-0 14. Bd6 Qc8 15. Qb3 a6 16. Bxc6 Bxc6 17. Nd4 Qd7 18. Qb6 Rac8 19. Rab1 Rb8 20. Rb2 Rbc8 21. Rbb1 Ng6 1/2-1/2